[Event "Wloclawek CC Classic 13th"]
[Site "Wloclawek"]
[Date "2015.??.??"]
[Round "6"]
[White "Lebiedzinski, Maciej"]
[Black "Daczkowski, Miroslaw"]
[Result "1-0"]
[WhiteElo "1612"]
[BlackElo "1800"]
[PlyCount "25"]
[EventDate "2015.04.??"]
[EventType "swiss"]
[EventRounds "7"]
[EventCountry "POL"]
[SourceTitle "EXT 2021"]
[Source "ChessBase"]
[SourceDate "2020.10.23"]
[SourceVersion "1"]
[SourceVersionDate "2020.10.23"]
[SourceQuality "1"]

1. d4 Nf6 2. c4 c5 3. d5 b5 4. b3 g6 5. Bb2 Bg7 6. Nd2 0-0 7. e4 bxc4 8. bxc4 d6 9. Be2 Nbd7 10. Ngf3 Rb8 11. Rb1 Qa5 12. Bxf6 Nxf6 13. Rxb8 1-0

[Event "Wloclawek CC Classic 07th"]
[Site "Wloclawek"]
[Date "2013.??.??"]
[Round "2"]
[White "Lapinski, Jerzy"]
[Black "Daczkowski, Miroslaw"]
[Result "1/2-1/2"]
[WhiteElo "1800"]
[BlackElo "1800"]
[PlyCount "80"]
[EventDate "2013.04.??"]
[EventType "swiss"]
[EventRounds "7"]
[EventCountry "POL"]
[SourceTitle "EXT 2021"]
[Source "ChessBase"]
[SourceDate "2020.10.23"]
[SourceVersion "1"]
[SourceVersionDate "2020.10.23"]
[SourceQuality "1"]

1. d4 Nf6 2. Nf3 g6 3. g3 Bg7 4. Bg2 0-0 5. 0-0 d5 6. Bf4 Bg4 7. Ne5 Nbd7 8. Nxg4 Nxg4 9. h3 Ngf6 10. Nc3 c6 11. Qd2 Re8 12. e4 dxe4 13. Nxe4 Nxe4 14. Bxe4 Nf6 15. Bg2 Nd5 16. Bxd5 Qxd5 17. c3 e5 18. dxe5 Qxd2 19. Bxd2 Rxe5 20. Rfe1 Rae8 21. Rxe5 Rxe5 22. Re1 f5 23. Rxe5 Bxe5 24. f4 Bf6 25. b3 Kf7 26. Kf2 Ke6 27. c4 Bd4+ 28. Kf3 Bc5 29. Bc3 Kd6 30. Be5+ Ke6 31. h4 b5 32. Bc7 bxc4 33. bxc4 Bb6 34. Be5 Bc5 35. Bc3 Kd6 36. Be5+ Ke6 37. Bc3 Ba3 38. Be5 Bd6 39. Bc3 Bc7 40. Ke2 Bb6 1/2-1/2

[Event "Wloclawek CC Classic 07th"]
[Site "Wloclawek"]
[Date "2013.??.??"]
[Round "7"]
[White "Rafalski, Kacper"]
[Black "Daczkowski, Miroslaw"]
[Result "0-1"]
[WhiteElo "1000"]
[BlackElo "1800"]
[PlyCount "54"]
[EventDate "2013.04.??"]
[EventType "swiss"]
[EventRounds "7"]
[EventCountry "POL"]
[SourceTitle "EXT 2021"]
[Source "ChessBase"]
[SourceDate "2020.10.23"]
[SourceVersion "1"]
[SourceVersionDate "2020.10.23"]
[SourceQuality "1"]

1. e4 c5 2. Nf3 a6 3. Bc4 Nc6 4. d4 cxd4 5. Nxd4 e5 6. Nxc6 bxc6 7. Nc3 Nf6 8. a3 Bb7 9. Bg5 Be7 10. 0-0 0-0 11. Qd2 Qc7 12. Rad1 Rfd8 13. Rfe1 h6 14. Bxh6 d5 15. Bxg7 Kxg7 16. exd5 cxd5 17. Qg5+ Kf8 18. Qh6+ Ke8 19. Qh8+ Kd7 20. Qh3+ Kc6 21. Bb3 d4 22. Ba4+ Kb6 23. Na2 Ka7 24. c3 Bxg2 25. Qxg2 Rg8 26. Qxg8 Rxg8+ 27. Kf1 Qc4+ 0-1

[Event "Wloclawek CC Classic 03rd"]
[Site "Wloclawek"]
[Date "2012.??.??"]
[Round "3"]
[White "Daczkowski, Miroslaw"]
[Black "Augustowski, Janusz"]
[Result "0-1"]
[WhiteElo "1800"]
[BlackElo "1981"]
[PlyCount "108"]
[EventDate "2012.02.??"]
[EventType "swiss"]
[EventRounds "7"]
[EventCountry "POL"]
[SourceTitle "EXT 2021"]
[Source "ChessBase"]
[SourceDate "2020.10.23"]
[SourceVersion "1"]
[SourceVersionDate "2020.10.23"]
[SourceQuality "1"]

1. e4 e5 2. Nf3 Nc6 3. Bb5 g6 4. 0-0 Bg7 5. c3 Nge7 6. d4 0-0 7. dxe5 Nxe5 8. Nxe5 Bxe5 9. f4 Bg7 10. f5 f6 11. Nd2 c6 12. Bc4+ d5 13. exd5 cxd5 14. Bb3 Bxf5 15. Nf3 Be4 16. Be3 Nc6 17. Qd2 Qa5 18. Kh1 Rad8 19. Rae1 Kh8 20. Qf2 b6 21. h4 Ne5 22. Qg3 Qb5 23. Nd4 Qd7 24. Ne2 Bd3 25. Rf4 Qe7 26. Rd4 Bxe2 27. Rxe2 Nc4 28. Re1 Qf7 29. Bc1 f5 30. Rd3 Rfe8 31. Red1 b5 32. Qf3 Re4 33. Bg5 Rd7 34. Bxc4 bxc4 35. R3d2 Qe6 36. g3 h6 37. Bf4 Kh7 38. Qf2 Bf6 39. Rc2 Be5 40. Rg1 Bxf4 41. gxf4 Qd6 42. h5 Qxf4 43. Qxf4 Rxf4 44. Rxg6 Rh4+ 45. Rh2 Rg4 46. Rxg4 fxg4 47. Rd2 Kg7 48. Rd4 Kf6 49. Rxg4 Rg7 50. Rxg7 Kxg7 51. Kg2 Kf6 52. Kg3 Kg5 53. b4 cxb3 54. axb3 Kxh5 0-1

[Event "Wloclawek CC Classic 03rd"]
[Site "Wloclawek"]
[Date "2012.??.??"]
[Round "2"]
[White "Daczkowski, Miroslaw"]
[Black "Grochowalski, Pawel"]
[Result "1-0"]
[WhiteElo "1800"]
[BlackElo "2099"]
[PlyCount "76"]
[EventDate "2012.02.??"]
[EventType "swiss"]
[EventRounds "7"]
[EventCountry "POL"]
[SourceTitle "EXT 2021"]
[Source "ChessBase"]
[SourceDate "2020.10.23"]
[SourceVersion "1"]
[SourceVersionDate "2020.10.23"]
[SourceQuality "1"]

1. e4 c6 2. d4 d5 3. e5 Bf5 4. Nf3 e6 5. Be2 c5 6. c3 Nc6 7. Nbd2 Bg6 8. 0-0 Nh6 9. Nb3 cxd4 10. Bxh6 d3 11. Bxd3 gxh6 12. Nbd4 Bg7 13. Re1 0-0 14. Qe2 Qc7 15. Rad1 a6 16. Nxc6 bxc6 17. Nh4 Rfb8 18. Kh1 Qb7 19. Rd2 Qe7 20. g3 Rb6 21. f4 Rab8 22. f5 exf5 23. Nxf5 Bxf5 24. Bxf5 Qg5 25. Qf2 R6b7 26. h4 Qd8 27. e6 fxe6 28. Rxe6 c5 29. Rxa6 d4 30. c4 Re7 31. Re6 Rxe6 32. Bxe6+ Kh8 33. Bd5 Qa5 34. b3 Rf8 35. Qe2 Qc3 36. Rd3 Qc1+ 37. Kg2 Qa3 38. Rd2 Qa5 1-0

[Event "Wloclawek CC Classic 03rd"]
[Site "Wloclawek"]
[Date "2012.??.??"]
[Round "7"]
[White "Konefal, Leszek"]
[Black "Daczkowski, Miroslaw"]
[Result "0-1"]
[WhiteElo "1600"]
[BlackElo "1800"]
[PlyCount "58"]
[EventDate "2012.02.??"]
[EventType "swiss"]
[EventRounds "7"]
[EventCountry "POL"]
[SourceTitle "EXT 2021"]
[Source "ChessBase"]
[SourceDate "2020.10.23"]
[SourceVersion "1"]
[SourceVersionDate "2020.10.23"]
[SourceQuality "1"]

1. e4 d5 2. exd5 Nf6 3. d3 Nxd5 4. Bd2 e5 5. Nc3 Nc6 6. Nf3 Bg4 7. h3 Bh5 8. Qe2 Bd6 9. Nxd5 Nd4 10. Nxd4 Bxe2 11. Bxe2 exd4 12. 0-0-0 a5 13. Kb1 0-0 14. Bf3 c6 15. Nf4 Qc7 16. Ne2 c5 17. c4 dxc3 18. Nxc3 Rab8 19. Nd5 Qd8 20. h4 b5 21. g4 c4 22. dxc4 bxc4 23. Bc3 a4 24. Ka1 a3 25. bxa3 f6 26. Bb4 Bxb4 27. Nxb4 Qa5 28. Rd5 Qxa3 29. Rb1 Qxf3 0-1

[Event "Wloclawek CC Classic 04th"]
[Site "Wloclawek"]
[Date "2012.??.??"]
[Round "4"]
[White "Kujawski, Szymon"]
[Black "Daczkowski, Miroslaw"]
[Result "0-1"]
[WhiteElo "1400"]
[BlackElo "1800"]
[PlyCount "74"]
[EventDate "2012.04.??"]
[EventType "swiss"]
[EventRounds "7"]
[EventCountry "POL"]
[SourceTitle "EXT 2021"]
[Source "ChessBase"]
[SourceDate "2020.10.23"]
[SourceVersion "1"]
[SourceVersionDate "2020.10.23"]
[SourceQuality "1"]

1. d4 Nf6 2. c4 c5 3. d5 b5 4. cxb5 a6 5. Qa4 g6 6. Nc3 Bg7 7. Bg5 0-0 8. Nf3 d6 9. Qb3 Nbd7 10. e3 Ng4 11. h3 Nge5 12. Nxe5 Nxe5 13. bxa6 Bxa6 14. Bxa6 Rxa6 15. 0-0 Rb6 16. Qc2 Qc7 17. e4 Rfb8 18. b3 c4 19. Rab1 cxb3 20. Rxb3 Rxb3 21. axb3 Nd7 22. Rc1 Rc8 23. Bd2 Qc5 24. Qa2 Qd4 25. Ne2 Rxc1+ 26. Nxc1 Qxe4 27. b4 Nb6 28. Nb3 Qxd5 29. Be3 Nc4 30. Qa4 Nxe3 31. fxe3 Bh6 32. Kf2 Qd3 33. Qa8+ Kg7 34. Qa1+ e5 35. Nc5 Qxe3+ 36. Kf1 dxc5 37. b5 Qd3+ 0-1